Segurança jurídica no processo administrativo disciplinar / (Record no. 539)

MARC details
000 -LÍDER
Campo Fixo de Controle 00799nam a2200241 a 4500
001 - NÚMERO DE CONTROLE
Campo de Controle 539
003 - IDENTIFICAÇÃO DO NÚMERO DE CONTROLE
Campo de Controle BR-CuiBMT
005 - DATA E HORA DA ÚLTIMA ATUALIZAÇÃO
Campo de Controle 20231108224135.0
008 - DADOS FIXOS
Dados Fixos 231108s2014 mgb 000 0 por d
020 ## - INTERNATIONAL STANDARD BOOK NUMBER
Nº do ISBN 9788577008087
040 ## - AGÊNCIA CATALOGADORA
Código da Agência Catalogadora BR-CuiBMT
Agência que transcreveu o registro BR-CuiBMT
080 ## - Nº DA CLASSIFICAÇÃO DECIMAL UNIVERSAL
Nº edição CDU 2007
Nº Class. CDU 35.077.3
090 ## - NÚMERO DE CHAMADA
Nº classificação 35.077.3
Cutter S729s
100 1# - ENTRADA PRINCIPAL -- AUTOR PESSOAL
Nome pessoal Souza, Patrícia Verônica Nunes Carvalho Sobral de
245 0# - TÍTULO PRINCIPAL
Título principal Segurança jurídica no processo administrativo disciplinar /
Indicação de responsabilidade Patrícia Verônica Nunes Carvalho Sobral de Souza ; Benjamin Zymler, prefácio.
260 ## - PUBLICAÇÃO, DISTRIBUIÇÃO, ETC.
Local de publicação Belo Horizonte :
Editora Fórum,
Data 2014.
300 ## - DESCRIÇÃO FÍSICA
N. páginas ou volumes 179 p.:
Dimensões 21 cm
504 ## - NOTA DE BIBLIOGRAFIA, ETC.
Nota de bibliografia Inclui bibliografia.
650 ## - ASSUNTO TÓPICO
Cabeçalho tópico ou nome geográfico Processo administrativo
650 ## - ASSUNTO TÓPICO
Cabeçalho tópico ou nome geográfico Processo administrativo disciplinar
650 ## - ASSUNTO TÓPICO
Cabeçalho tópico ou nome geográfico Segurança jurídica
942 ## - ELEMENTOS DE ENTRADA ADICIONAIS (KOHA)
Fonte de classificação ou esquema de arquivamento Classificação Decimal Universal
Tipo de item do Koha Livros
Holdings
Estado: removido Estado: perdido Fonte de classificação ou esquema de arquivamento Estado: danificado Indisponível para empréstimo Localização permanente Localização atual Data de aquisição Total Checkouts Número de Chamada completo Código de barras Date last seen Número do exemplar Preço efetivo a partir de Tipo de item (Koha)
    Classificação Decimal Universal     Biblioteca da Escola Superior de Contas do TCE/MT Biblioteca da Escola Superior de Contas do TCE/MT 08/08/2019   35.077.3 S729s BIBTCEMT23110316 08/11/2023 Ex. 1 08/11/2023 Livros
    Classificação Decimal Universal     Biblioteca da Escola Superior de Contas do TCE/MT Biblioteca da Escola Superior de Contas do TCE/MT 08/08/2019   35.077.3 S729s BIBTCEMT23110317 08/11/2023 Ex. 2 08/11/2023 Livros

Powered by Koha